[Event "GER-chT U12"]
[Site "Verden an der Aller"]
[Date "2006.12.28"]
[Round "3.2"]
[White "Gussenberg, Torben"]
[Black "Altgelt, Max"]
[Result "1-0"]
[WhiteElo "1453"]
[BlackElo "1245"]
[PlyCount "45"]
[EventDate "2006.12.27"]
[EventType "team-swiss"]
[EventRounds "7"]
[EventCountry "GER"]
[SourceTitle "EXT 2008"]
[Source "ChessBase"]
[SourceDate "2007.11.25"]
[SourceVersion "1"]
[SourceVersionDate "2007.11.25"]
[SourceQuality "1"]
[WhiteTeam "Hagen U12"]
[BlackTeam "Muenster 32 U12"]
[WhiteTeamCountry "GER"]
[BlackTeamCountry "GER"]

1. e4 c5 2. Nf3 d6 3. d4 cxd4 4. Nxd4 Nf6 5. Nc3 g6 6. f3 Bg7 7. Be3 0-0 8. Qd2 Nc6 9. g4 Qc7 10. h4 a6 11. 0-0-0 b5 12. Bh6 b4 13. Nce2 a5 14. h5 Bd7 15. hxg6 fxg6 16. Nf4 Nxd4 17. Qxd4 Ne8 18. Bc4+ Rf7 19. Bxf7+ Kxf7 20. Bxg7 Nxg7 21. Nd5 Qb7 22. Nxe7 Ne8 23. Rxh7+ 1-0